Sąsiedzi Francji- Nagła śmierć - Statystyki

Ogólne statystyki
  • Ten quiz został rozwiązany 68 razy
    18 od ostatniego zresetowania
  • Średni wynik to 5 z 9
Answers on the Grid
Answers color-coded by a green-red scale on the quiz's grid according to % correct below.
Surinam
Watykan
Gujana
Monako
Luksemburg
Polska
Andora
Holandia
Wielka Brytania
Liechtenstein
Brazylia
Hiszpania
Belgia
Niemcy
Irlandia
Portugalia
Szwajcaria
Dania
Norwegia
Wenezuela
 
Statystyki odpowiedzi
Odpowiedź % Poprawnych
Luksemburg
79%
Belgia
71%
Niemcy
64%
Andora
57%
Hiszpania
57%
Szwajcaria
57%
Monako
50%
Surinam
50%
Brazylia
43%
Nie znaleziono quizów pasujących do podanych kryteriów
Rozkład punktacji
Procent ludzi z każdym wynikiem
Percentyl według liczby udzielonych odpowiedzi
Twoja historia wyników
Nie rozwiązałeś tego quizu od ostatniego zresetowania